000 00313 a2200157 4500
001 187975
020 _a0-582-34435-2
040 _cMagnum
100 _aSmith, Rod
240 1 0 _aRicky Martin
_lING
245 1 0 _aRicky Martin
300 _a16
362 0 _a2000
697 _aLITERATURA INGLESA
942 _cBK
999 _c187975
_d187975